000 nam a22 a 4500
999 _c423630
_d423630
003 BLK
005 20210713115633.0
008 200317b bul|||||r ||||||| ||bul||
040 _aBLK
041 _aBUL
_cBUL
080 _aБългарска литература
_b821.163.2
_x-31
_z821.163.2-31
100 _aВасилев, Орлин
_eпърви автор
_91299
139 _aВасилев, Орлин
245 1 0 _aТор
_bРоман
_cОрлин Василев; Христо Петков Василев.
257 _aBGR
260 _aСофия
_bЗадруга
_c1932
_fСофия : печ. Художник, 1932
_9458541
300 _a279 с.
_c19 см
380 _aX
500 _aИстинското име на авт. Христо Петков Василев. 3000 тир. Цена 60 лв.
852 _aЦб 8.185.4399
_bО
856 4 _qpdf
_u
856 4 _qpdf
_u
942 _cKNG
_n0
_s1
944 _aCR
_c2021-07-13
_kМикаела Микова-Илиева
999 _d423630
999 _d347090